Banderas según la IA - Fácil - Estadísticas

Estadísticas generales
  • Esta prueba ha sido intentada 55 veces
  • La puntuación promedio es 16 de 16
Estadísticas de respuestas
Imagen Respuesta % Correcto
India
100%
México
100%
Australia
98%
Reino Unido
98%
Alemania
96%
Argentina
96%
Brasil
96%
Canadá
96%
China
96%
España
96%
Estados Unidos
96%
Francia
96%
Italia
96%
Japón
96%
Países Bajos
96%
Rusia
96%
No se encontraron pruebas coincidentes
Distribución de puntuación
Porcentaje de gente con cada puntuación
Porcentaje por número respondido
Historial de tus puntuaciones
No has intentado esta prueba.